[Event "Florianopolis op 10th"]
[Site "Florianopolis"]
[Date "2024.01.20"]
[Round "1"]
[White "Eger, Laura Luisa"]
[Black "Cunha, Paola de Oliveira"]
[Result "1-0"]
[WhiteElo "1848"]
[BlackElo "1151"]
[PlyCount "77"]
[EventDate "2024.01.20"]
[EventType "swiss"]
[EventRounds "10"]
[EventCountry "BRA"]
[SourceTitle "CB05_2024"]
[SourceDate "2024.01.31"]
[SourceVersion "1"]
[SourceVersionDate "2024.01.31"]
[SourceQuality "1"]

1. e4 c5 2. Nf3 d6 3. c3 Nf6 4. Be2 Nxe4 5. Qa4+ Bd7 6. Qxe4 Nc6 7. 0-0 g6 8. d4 cxd4 9. Nxd4 Bg7 10. Nd2 0-0 11. N2f3 e6 12. Re1 f5 13. Qc2 Rc8 14. Nxc6 Bxc6 15. Bg5 Be4 16. Bxd8 Bxc2 17. Be7 Rfe8 18. Bxd6 Rc6 19. Be5 Bh6 20. Bb5 Be4 21. Bxc6 Bxc6 22. Rad1 Bd5 23. b3 Be4 24. Rd7 Bc6 25. Rc7 Bf8 26. Nd4 Be4 27. f3 Bd3 28. Rxb7 Bc5 29. Rg7+ Kf8 30. Rxh7 Re7 31. Rxe7 Kxe7 32. a4 Ba6 33. b4 Bb6 34. a5 Bd8 35. Nc6+ Ke8 36. Nxd8 Kxd8 37. Bd4 Kc7 38. Rxe6 Kb7 39. Rxg6 1-0

[Event "BRA-ch (Women) 61st"]
[Site "Recife"]
[Date "2022.12.17"]
[Round "3"]
[White "Eger, Laura Luisa"]
[Black "Terao, Juliana Sayumi"]
[Result "0-1"]
[WhiteElo "1791"]
[BlackElo "2240"]
[PlyCount "98"]
[EventDate "2022.12.15"]
[EventType "swiss"]
[EventRounds "9"]
[EventCountry "BRA"]
[SourceTitle "EXT 2024"]
[Source "ChessBase"]
[SourceDate "2023.10.10"]
[SourceVersion "1"]
[SourceVersionDate "2023.10.10"]
[SourceQuality "1"]

1. e4 e5 2. Nf3 Nc6 3. Bc4 Bc5 4. d3 Nf6 5. 0-0 0-0 6. Nbd2 a6 7. c3 d6 8. Bb3 h6 9. h3 Re8 10. Re1 Be6 11. Bc2 Ba7 12. Nf1 d5 13. Be3 Bxe3 14. Nxe3 Qd7 15. Qe2 Rad8 16. Red1 d4 17. Nf1 Qd6 18. Bb3 Bc8 19. a3 Nh5 20. Ne1 Nf4 21. Qf3 Qg6 22. Ng3 Rd6 23. Rd2 h5 24. Kh2 Rf6 25. Nf5 Bxf5 26. exf5 Qxf5 27. Qe4 Qg5 28. Rad1 h4 29. Bd5 Nxd5 30. Qxd5 Rg6 31. f3 Rd6 32. Qe4 f5 33. Qe2 Rde6 34. Nc2 Na5 35. Re1 Nb3 36. Rdd1 c5 37. Qf2 Qf4+ 38. Kh1 a5 39. a4 b6 40. Na3 dxc3 41. bxc3 Qxa4 42. Qb2 e4 43. Rb1 exd3 44. Red1 c4 45. Nxc4 Qxc4 46. Qxb3 Qxb3 47. Rxb3 Re1+ 48. Rxe1 Rxe1+ 49. Kh2 d2 0-1

[Event "Florianopolis Autumn op U2300"]
[Site "Florianopolis"]
[Date "2022.05.14"]
[Round "2"]
[White "Eger, Laura Luisa"]
[Black "Volkmann, Andre Jordi"]
[Result "0-1"]
[WhiteElo "1733"]
[BlackElo "2087"]
[PlyCount "28"]
[EventDate "2022.05.13"]
[EventType "swiss"]
[EventRounds "6"]
[EventCountry "BRA"]
[SourceTitle "CBM 208 Extra"]
[Source "ChessBase"]
[SourceDate "2022.07.31"]
[SourceVersion "1"]
[SourceVersionDate "2022.07.31"]
[SourceQuality "1"]

1. e4 c6 2. d4 d5 3. exd5 cxd5 4. Bd3 Nc6 5. c3 Qc7 6. h3 Nf6 7. Nf3 e6 8. 0-0 Bd6 9. Re1 h6 10. Qe2 0-0 11. Ne5 a6 12. Ng4 Nxg4 13. Qxg4 e5 14. Bxh6 Bxg4 0-1